Jezyki mikrokomnputerów

Saved in:
Bibliographic Details
Other Authors: Turski, Marcin, Duck, Mike
Format: Book
Language:Polish
Published: Warszawa Wyd. Naukowo-Techn. 1988
Edition:1. wyd.
Tags: Add Tag
No Tags, Be the first to tag this record!

MARC

LEADER 00000nam a2200000 4500
001 c039123
005 20221219123352.1
041 0 |a pol 
044 |a PL 
245 1 0 |a Jezyki mikrokomnputerów  |c [Z angl. prel.] Marcin Turski ; Red. Mike Duck 
250 |a 1. wyd. 
264 1 |a Warszawa  |b Wyd. Naukowo-Techn.  |c 1988 
300 |a 172 s. 
700 1 |a Turski, Marcin 
700 1 |a Duck, Mike